000 00613nam a2200217Ia 4500
003 GCL
005 20240530105416.0
008 140319s9999 xx 000 0 ara d
040 _aGCL /
_cGCL
082 0 4 _a323.445
_bح ح
245 1 0 _a0000000000000
_cحازم النعيمى
260 _a[S.N] :
_bالعربى للنشر والتوزيع ،
_c1989
300 _a317 ص
650 0 4 _aالعصر الحديث
650 0 4 _aتاريخ
650 0 4 _aلبنان
650 0 4 _aالصحافة العربية
650 0 4 _aحرية الصحافة
650 0 4 _aالحرب الاهلية
942 _2ddc
_cBK
999 _c55753
_d55753